000 00710nas a2200229 4500
001 BR7906723
003 BR-BrBNA
005 20231205084001.0
007 ta
008 230509b bl.|||p| |||| 00| 00por d
040 _aBR-BrBNA
_bpor
_cBiblioteca Nacional de Agricultura
041 _a(Pt)
072 _aF60
100 1 _aCalbo, A.G.
100 1 _aMartins, E.S.
245 1 _aTecnica potenciometrica para medidas rapidas de CO2 [Gas carbonico; Fotossintese]
650 _aFOTOSSINTESE
650 _aGAS CARBONICO
773 0 _tPesquisa Agropecuaria Brasileira (Brazil)
_xISSN 0100-204X
_g(Oct 1979), v. 14(4) p. 315-316
_wBR7906723
909 _a202311
_bLúcia
_c55
_dLúcia Elande
942 _2AGRIS
_n0
_cANA
999 _c102409
_d102409